000 00450 a2200145 4500
999 _c3067
_d3067
020 _a0029183812
050 _aHD 35.5 LEE 1988
100 _aLeenders, Michiel R.
245 _aReverse marketing :
_bthe new buyer-supplier relationship /
_cMichiel R. Leenders and David L. Blenkhorn
264 _aNew York :
_bThe free press,
_c1988
300 _avi,198p. :
_bill.;
500 _aincludes index
650 _aMarketing
942 _2lcc
_cBK
_h35.5
_iLEE
_kHD